00518nam a22001817a 4500003000400000008004100004020001800045082001800063100002800081245006900109260004100178300001700219365001200236650002000248650003400268650001200302650002200314OSt260625b |||||||| |||| 00| 0 eng d a9789388320122 a677.022bM67D aMishra, Dr. Siba Prasad aDesign and Structure of Textile FabricscMishra, Dr. Siba Prasad aNew DelhibWoodhead Publishingc2019 aviii., 299p. e4695.00 aTextile design. aTextile fabrics $x Structure. aWeaving aTextile industry.